Rot-weiße Flaggen - Statistiken

Allgemein
  • Dieses Quiz wurde 34.952 mal gespielt
  • Das Durchschnittsergebnis liegt bei 14 aus 17
Antwortstatistiken
Bildquiz Antwort % Korrekt
Japan
99%
Kanada
99%
Polen
98%
Schweiz
98%
Türkei
98%
Österreich
97%
Dänemark
96%
Georgien
90%
Lettland
88%
Katar
84%
Indonesien
82%
Tunesien
81%
Monaco
80%
Peru
76%
Singapur
70%
Bahrain
66%
Tonga
40%
Keine übereinstimmenden Quizze gefunden
Verteilung der Resultate
Anzahl Personen mit jedem Resultat
Perzentil nach korrekt beantworteten Fragen
Ihre Resultats-Entwicklung
Sie haben dieses Quiz noch nicht gespielt